000 00601nam a2200169Ia 4500
008 110201s9999 xx 000 0 und d
082 _bB10720
_aBAL 2497
100 _aअनु : अशोक बागवे
245 _aरंगतदार गोष्टी
260 _bनवनीत पब्लिकेशन इं. लि.
365 _b22
600 _aअनु : अशोक बागवे
630 _aरंगतदार गोष्टी
700 _aअनु : अशोक बागवे
730 _aरंगतदार गोष्टी
942 _cBOOK
999 _c836117
_d836114